[Event "Uljanovsk Privolje op"]
[Site "Uljanovsk"]
[Date "2012.02.03"]
[Round "6"]
[White "Zhuzhukina, Alla"]
[Black "Beliaev, Vasily"]
[Result "0-1"]
[WhiteElo "1672"]
[BlackElo "2052"]
[PlyCount "36"]
[EventDate "2012.01.31"]
[EventType "swiss"]
[EventRounds "9"]
[EventCountry "RUS"]
[SourceTitle "EXT 2013"]
[Source "ChessBase"]
[SourceDate "2012.11.22"]
[SourceVersion "1"]
[SourceVersionDate "2012.11.22"]
[SourceQuality "1"]

1. e4 c5 2. Nf3 Nc6 3. d4 cxd4 4. Nxd4 Nf6 5. Nc3 e5 6. Nf3 Bb4 7. Bd3 d5 8. exd5 Qxd5 9. Bd2 Qc5 10. Be2 e4 11. Ng5 Bxc3 12. bxc3 h6 13. Nh3 Bxh3 14. gxh3 Rd8 15. Qc1 Ne5 16. Rb1 Nf3+ 17. Bxf3 exf3 18. Rxb7 Qc4 0-1

[Event "Uljanovsk Privolje op"]
[Site "Uljanovsk"]
[Date "2011.02.05"]
[Round "8"]
[White "Losyakov, Andrey"]
[Black "Beliaev, Vasily"]
[Result "1-0"]
[WhiteElo "2047"]
[BlackElo "2053"]
[PlyCount "153"]
[EventDate "2011.02.01"]
[EventType "swiss"]
[EventRounds "9"]
[EventCountry "RUS"]
[SourceTitle "CBM 140 Extra"]
[Source "ChessBase"]
[SourceDate "2011.03.01"]
[SourceVersion "1"]
[SourceVersionDate "2011.03.01"]
[SourceQuality "1"]

1. e4 c5 2. Nf3 Nc6 3. Bb5 e6 4. Bxc6 bxc6 5. e5 Ne7 6. d3 Ng6 7. 0-0 Be7 8. Nc3 0-0 9. Ne4 Qc7 10. d4 cxd4 11. Qxd4 c5 12. Qc3 Bb7 13. Re1 Bxe4 14. Rxe4 f6 15. h4 Nxe5 16. Nxe5 fxe5 17. Qg3 d5 18. Qxe5 Bd6 19. Qxe6+ Kh8 20. Qxd5 Bh2+ 21. Kh1 Rad8 22. Qh5 Qb7 23. f3 Bg3 24. Bg5 Qxb2 25. Rf1 Qxc2 26. Bxd8 Qxe4 27. Qxc5 Qf4 28. Bg5 Qb8 29. Be3 Bxh4 30. Qxa7 Qb5 31. Kg1 Bg3 32. Qc5 Qb8 33. Rc1 Bh2+ 34. Kf1 Bd6 35. Qc4 Qe8 36. Qd3 Bg3 37. Bf2 Qh5 38. Qd4 Qh1+ 39. Bg1 Qh6 40. Qc5 Re8 41. Bf2 Bf4 42. Re1 Rg8 43. a4 Bd2 44. Rd1 Re8 45. Qb5 Rf8 46. Qd3 Ba5 47. Qd6 Qh1+ 48. Bg1 Re8 49. Qh2 Qxh2 50. Bxh2 h6 51. Bg3 Rc8 52. Be1 Bb6 53. a5 Be3 54. a6 Rc7 55. Ra1 Kg8 56. Ke2 Ba7 57. Ra2 Kf7 58. Bf2 Ke6 59. Bxa7 Rxa7 60. Kd3 Kd5 61. Ra5+ Kc6 62. Ke4 Kb6 63. Ra2 Re7+ 64. Kf5 Ka7 65. Kg6 Rc7 66. f4 Rd7 67. g4 Rd4 68. Kf5 g6+ 69. Ke5 Rb4 70. Ra5 Rb6 71. f5 gxf5 72. gxf5 Rb1 73. f6 Rf1 74. Ke6 Re1+ 75. Re5 Rf1 76. f7 Kxa6 77. Rf5 1-0

[Event "Lipetsk op"]
[Site "Lipetsk"]
[Date "2010.07.01"]
[Round "9"]
[White "Kazantseva, Alla"]
[Black "Beliaev, Vasily"]
[Result "0-1"]
[WhiteElo "1924"]
[BlackElo "2064"]
[PlyCount "102"]
[EventDate "2010.06.23"]
[EventType "swiss"]
[EventRounds "9"]
[EventCountry "RUS"]
[SourceTitle "CBM 137 Extra"]
[Source "ChessBase"]
[SourceDate "2010.09.01"]
[SourceVersion "1"]
[SourceVersionDate "2010.09.01"]
[SourceQuality "1"]

1. e4 e5 2. Nf3 Nc6 3. Bb5 a6 4. Ba4 Nf6 5. 0-0 Be7 6. Re1 b5 7. Bb3 d6 8. c3 0-0 9. d3 Na5 10. Bc2 c5 11. Nbd2 Nc6 12. h3 Bb7 13. Nf1 Re8 14. Ne3 g6 15. Nd5 Nxd5 16. exd5 Nb8 17. c4 Nd7 18. Bd2 Bf6 19. Rb1 b4 20. Qc1 Bg7 21. Ba4 Rf8 22. Bh6 Nb6 23. Bc2 Bc8 24. Bxg7 Kxg7 25. Ng5 h6 26. Nf3 f5 27. Nh2 f4 28. Qd1 Bf5 29. b3 a5 30. Qf3 Qd7 31. Qe2 a4 32. d4 cxd4 33. Bxf5 Qxf5 34. Qd2 Nd7 35. Qxb4 Nc5 36. Qb6 Ra6 37. Qb5 axb3 38. axb3 Rfa8 39. b4 Na4 40. Qb7+ Qf7 41. Qxf7+ Kxf7 42. Ra1 Nc3 43. Rxa6 Rxa6 44. Nf3 d3 45. c5 e4 46. Nd2 Ne2+ 47. Kf1 e3 48. fxe3 fxe3 49. Nc4 dxc5 50. bxc5 Ng3+ 51. Kg1 d2 0-1

[Event "Lipetsk op"]
[Site "Lipetsk"]
[Date "2010.06.25"]
[Round "3"]
[White "Golubyatnikov, Mitrofan"]
[Black "Beliaev, Vasily"]
[Result "0-1"]
[WhiteElo "1924"]
[BlackElo "2064"]
[PlyCount "66"]
[EventDate "2010.06.23"]
[EventType "swiss"]
[EventRounds "9"]
[EventCountry "RUS"]
[SourceTitle "CBM 137 Extra"]
[Source "ChessBase"]
[SourceDate "2010.09.01"]
[SourceVersion "1"]
[SourceVersionDate "2010.09.01"]
[SourceQuality "1"]

1. b4 e5 2. Bb2 Bxb4 3. Bxe5 Nf6 4. e3 Nc6 5. Bb2 d5 6. Nf3 0-0 7. Be2 Bf5 8. 0-0 h6 9. d3 Re8 10. Nbd2 Bd6 11. c4 Nb4 12. Qb3 a5 13. cxd5 a4 14. Bxf6 axb3 15. Bxd8 b2 16. Rab1 Rexd8 17. e4 Bd7 18. Rxb2 Rxa2 19. Rfb1 Rxb2 20. Rxb2 Ra8 21. g3 Bh3 22. Nb3 Bf8 23. Ne1 g6 24. f4 Bg7 25. Rb1 Ra2 26. Bf3 Bc3 27. Nc1 Bd4+ 28. Kh1 Rf2 29. Be2 Na2 30. Nxa2 Rxe2 31. Nb4 Rf2 32. Nec2 Bg2+ 33. Kg1 Rxc2# 0-1

[Event "Nezhmetdinov Memorial 32nd"]
[Site "Kazan"]
[Date "2010.06.06"]
[Round "7"]
[White "Beliaev, Vasily"]
[Black "Zakharov, Kirill"]
[Result "1/2-1/2"]
[WhiteElo "2064"]
[BlackElo "1911"]
[PlyCount "40"]
[EventDate "2010.05.31"]
[EventType "swiss"]
[EventRounds "9"]
[EventCountry "RUS"]
[SourceTitle "CBM 136 Extra"]
[Source "ChessBase"]
[SourceDate "2010.07.02"]
[SourceVersion "2"]
[SourceVersionDate "2010.07.15"]
[SourceQuality "1"]

1. e4 c5 2. f4 d5 3. exd5 Qxd5 4. Nc3 Qd8 5. Nf3 Bg4 6. Bc4 e6 7. h3 Bxf3 8. Qxf3 Nc6 9. d3 Be7 10. 0-0 Nh6 11. g4 Qd7 12. f5 Nd4 13. Qe4 exf5 14. gxf5 Nhxf5 15. Bf4 0-0 16. Nd5 Rae8 17. Be5 Ng3 18. Bxg3 Bd6 19. Bxd6 Rxe4 20. Bxf8 Qxh3 1/2-1/2

[Event "Uljanovsk op"]
[Site "Uljanovsk"]
[Date "2010.02.09"]
[Round "4"]
[White "Beliaev, Vasily"]
[Black "Chernova, Anastasia"]
[Result "0-1"]
[WhiteElo "2070"]
[BlackElo "2217"]
[PlyCount "50"]
[EventDate "2010.02.06"]
[EventType "swiss"]
[EventRounds "9"]
[EventCountry "RUS"]
[SourceTitle "CBM 134 Extra"]
[Source "ChessBase"]
[SourceDate "2010.03.03"]
[SourceVersion "1"]
[SourceVersionDate "2010.03.03"]
[SourceQuality "1"]

1. e4 c6 2. d4 d5 3. e5 Bf5 4. h4 h6 5. g4 Be4 6. f3 Bg6 7. h5 Bh7 8. e6 fxe6 9. Bd3 Nf6 10. Bxh7 Rxh7 11. Qd3 Qd6 12. f4 Nbd7 13. Qg6+ Kd8 14. Nf3 c5 15. Ne5 Kc8 16. Nf7 Qa6 17. g5 Ne4 18. Rh3 Qc4 19. c3 hxg5 20. fxg5 cxd4 21. Qxh7 Qc5 22. h6 dxc3 23. Be3 cxb2 24. hxg7 bxa1Q 25. gxf8Q+ Nxf8 0-1

[Event "Tatarstan-ch op"]
[Site "Kazan"]
[Date "2009.08.23"]
[Round "4"]
[White "Beliaev, Vasily"]
[Black "Ospennikov, Dmitry V"]
[Result "0-1"]
[WhiteElo "2054"]
[BlackElo "2262"]
[PlyCount "62"]
[EventDate "2009.08.20"]
[EventType "swiss"]
[EventRounds "9"]
[EventCountry "RUS"]
[SourceTitle "EXT 2010"]
[Source "ChessBase"]
[SourceDate "2010.11.25"]
[SourceVersion "1"]
[SourceVersionDate "2010.11.25"]
[SourceQuality "1"]

1. e4 e5 2. Nf3 Nc6 3. d4 exd4 4. Bc4 Nf6 5. 0-0 Be7 6. e5 Ne4 7. c3 d5 8. Bb5 dxc3 9. Nxc3 Nxc3 10. bxc3 0-0 11. Qa4 Bd7 12. Qb3 Na5 13. Qa4 Bxb5 14. Qxb5 c6 15. Qe2 Qd7 16. Nd4 Nc4 17. f4 c5 18. e6 fxe6 19. Nxe6 Rfe8 20. f5 Bf6 21. Rf3 Nd6 22. g4 Ne4 23. Qc2 Rxe6 24. fxe6 Qxe6 25. h3 Nxc3 26. Bb2 Ne2+ 27. Kf1 Bxb2 28. Qxb2 Nd4 29. Rf4 Qe3 30. Rxd4 Rf8+ 31. Kg2 cxd4 0-1

[Event "Tatarstan-ch op"]
[Site "Kazan"]
[Date "2009.08.22"]
[Round "3"]
[White "Mirzanurov, Bulat"]
[Black "Beliaev, Vasily"]
[Result "0-1"]
[WhiteElo "2312"]
[BlackElo "2054"]
[PlyCount "72"]
[EventDate "2009.08.20"]
[EventType "swiss"]
[EventRounds "9"]
[EventCountry "RUS"]
[SourceTitle "EXT 2010"]
[Source "ChessBase"]
[SourceDate "2010.11.25"]
[SourceVersion "1"]
[SourceVersionDate "2010.11.25"]
[SourceQuality "1"]

1. d4 Nf6 2. c4 e6 3. Nc3 Bb4 4. f3 d5 5. a3 Bxc3+ 6. bxc3 c5 7. e3 0-0 8. Bd3 Qc7 9. Qb3 b6 10. cxd5 exd5 11. Qb1 Re8 12. Ne2 Nc6 13. 0-0 Bd7 14. e4 dxe4 15. fxe4 Bg4 16. e5 Bxe2 17. Bxe2 cxd4 18. exf6 Rxe2 19. Qb5 Re5 20. Qd3 Rd5 21. Bf4 Qd7 22. c4 Rh5 23. Rae1 Re8 24. Qf3 g6 25. g4 Ra5 26. Bd2 Rc5 27. Qf4 g5 28. Qg3 d3 29. Qh3 Rxc4 30. Rxe8+ Qxe8 31. Re1 Qd7 32. Qxd3 Rd4 33. Qe3 Rxg4+ 34. Kf1 Qf5+ 35. Qf2 Qd3+ 36. Re2 Nd4 0-1

[Event "Privolzhskogo FO-ch"]
[Site "Kazan"]
[Date "2009.01.27"]
[Round "7"]
[White "Beliaev, Vasily"]
[Black "Ospennikov, Dmitry V"]
[Result "1-0"]
[WhiteElo "2049"]
[BlackElo "2259"]
[PlyCount "137"]
[EventDate "2009.01.21"]
[EventType "swiss"]
[EventRounds "9"]
[EventCountry "RUS"]
[SourceTitle "EXT 2010"]
[Source "ChessBase"]
[SourceDate "2010.11.25"]
[SourceVersion "1"]
[SourceVersionDate "2010.11.25"]
[SourceQuality "1"]

1. e4 c5 2. Nf3 e6 3. Nc3 a6 4. d4 cxd4 5. Nxd4 d6 6. Be2 Nf6 7. Be3 Be7 8. Qd2 0-0 9. 0-0-0 b5 10. Bf3 b4 11. Nce2 d5 12. exd5 Nxd5 13. Nf5 Bb7 14. Nf4 Nxe3 15. Qxe3 Qc7 16. Nxe6 fxe6 17. Qxe6+ Rf7 18. Rhe1 Bg5+ 19. Kb1 Bxf3 20. gxf3 Nd7 21. Ne7+ Bxe7 22. Rxd7 Qxh2 23. Rxe7 Qf4 24. Qd5 Raf8 25. Re8 g6 26. Rxf8+ Kxf8 27. Qa8+ Kg7 28. Qxa6 Qxf3 29. Qc4 Qxf2 30. Qxb4 h5 31. a4 h4 32. a5 Kh7 33. Qc3 Qg2 34. Re8 Qf1+ 35. Ka2 Rf6 36. Qc7+ Kh6 37. Rh8+ Kg5 38. Qe5+ Rf5 39. Qe7+ Rf6 40. Rc8 h3 41. Qd8 Qf2 42. b4 h2 43. Qd5+ Rf5 44. Qd8+ Kg4 45. Qd1+ Qf3 46. Rc4+ Kh3 47. Qe1 Qg3 48. Rc3 Rf3 49. Qe6+ Kg2 50. Rxf3 Kxf3 51. a6 Kf2 52. Qf6+ Ke1 53. Qa1+ Kd2 54. a7 Qf3 55. Qd4+ Kxc2 56. Qc4+ Kd2 57. Qd4+ Ke2 58. Qe5+ Kd3 59. Qxh2 Qf7+ 60. Kb2 Qg7+ 61. Kb1 Qxa7 62. Qc2+ Ke3 63. Qc5+ Qxc5 64. bxc5 g5 65. c6 g4 66. c7 g3 67. c8Q g2 68. Kc2 Kf2 69. Qf8+ 1-0

[Event "Privolzhskogo FO-ch"]
[Site "Kazan"]
[Date "2009.01.22"]
[Round "2"]
[White "Beliaev, Vasily"]
[Black "Chernova, Anastasia"]
[Result "0-1"]
[WhiteElo "2049"]
[BlackElo "2193"]
[PlyCount "64"]
[EventDate "2009.01.21"]
[EventType "swiss"]
[EventRounds "9"]
[EventCountry "RUS"]
[SourceTitle "EXT 2010"]
[Source "ChessBase"]
[SourceDate "2010.11.25"]
[SourceVersion "1"]
[SourceVersionDate "2010.11.25"]
[SourceQuality "1"]

1. e4 c6 2. d4 d5 3. e5 Bf5 4. Nc3 e6 5. g4 Bg6 6. Nge2 h6 7. Nf4 Bh7 8. Bd3 Bxd3 9. Qxd3 c5 10. dxc5 Nc6 11. 0-0 Bxc5 12. Na4 Be7 13. Nh5 g6 14. Nf4 Nxe5 15. Qe2 Nc6 16. Qd3 Nf6 17. Re1 Qa5 18. Nc3 d4 19. Qb5 Qxb5 20. Nxb5 0-0 21. Ne2 Rfd8 22. h3 a6 23. Na3 Kg7 24. Bf4 e5 25. Bh2 b5 26. Rad1 Rac8 27. f3 Nd5 28. Rc1 Bg5 29. Rb1 Be3+ 30. Kg2 Bd2 31. Rg1 Ne3+ 32. Kh1 b4 0-1

[Event "Privolzhskogo FO-ch"]
[Site "Kazan"]
[Date "2009.01.21"]
[Round "1"]
[White "Lyanguzov, Oleg"]
[Black "Beliaev, Vasily"]
[Result "1-0"]
[WhiteElo "2311"]
[BlackElo "2049"]
[PlyCount "67"]
[EventDate "2009.01.21"]
[EventType "swiss"]
[EventRounds "9"]
[EventCountry "RUS"]
[SourceTitle "EXT 2010"]
[Source "ChessBase"]
[SourceDate "2010.11.25"]
[SourceVersion "1"]
[SourceVersionDate "2010.11.25"]
[SourceQuality "1"]

1. c4 Nf6 2. Nc3 e6 3. d4 Bb4 4. Qc2 d5 5. a3 Bxc3+ 6. Qxc3 Ne4 7. Qc2 Nc6 8. Nf3 Qf6 9. e3 0-0 10. Bd3 Qg6 11. 0-0 f5 12. b4 a6 13. b5 axb5 14. cxb5 Nb4 15. Qb3 Nxd3 16. Qxd3 Qh5 17. Qc2 Bd7 18. Rb1 Rf6 19. Qxc7 Qe8 20. a4 Rxa4 21. Qxb7 Nc3 22. Rb3 Ne2+ 23. Kh1 Ra1 24. Ra3 Rxa3 25. Bxa3 f4 26. Bd6 fxe3 27. fxe3 Bxb5 28. Ra1 Bc6 29. Qb2 Rxf3 30. gxf3 Bb5 31. Ra5 Qh5 32. Ra8+ Kf7 33. Rf8+ Kg6 34. Qxb5 1-0

[Event "Nezhmetdinov Memorial 30th"]
[Site "Kazan"]
[Date "2008.06.06"]
[Round "6"]
[White "Beliaev, Vasily"]
[Black "Afanasiev, Dmitry"]
[Result "1-0"]
[WhiteElo "2086"]
[BlackElo "2048"]
[PlyCount "57"]
[EventDate "2008.06.01"]
[EventType "swiss"]
[EventRounds "9"]
[EventCountry "RUS"]
[SourceTitle "EXT 2009"]
[Source "ChessBase"]
[SourceDate "2008.11.26"]
[SourceVersion "1"]
[SourceVersionDate "2008.11.26"]
[SourceQuality "1"]

1. e4 e6 2. d4 d5 3. Nc3 Bb4 4. e5 Ne7 5. a3 Bxc3+ 6. bxc3 b6 7. Ne2 Ba6 8. Ng3 Bxf1 9. Rxf1 Nbc6 10. Nh5 Rg8 11. Bg5 Qc8 12. Qd3 Ng6 13. f4 h6 14. f5 exf5 15. Bxh6 gxh6 16. Nf6+ Kf8 17. Nxg8 Kxg8 18. Rxf5 Qe6 19. 0-0-0 Qe7 20. Rf6 Nd8 21. Rdf1 c6 22. e6 Nxe6 23. Rxf7 Qg5+ 24. Kb2 Rf8 25. h4 Qg4 26. R1f6 Nef4 27. Rxf4 Qe6 28. Rxf8+ Nxf8 29. Qg3+ 1-0

[Event "Kazan Region-ch 6th"]
[Site "Kazan"]
[Date "2008.01.27"]
[Round "5"]
[White "Beliaev, Vasily"]
[Black "Gerasimov, Ivan"]
[Result "0-1"]
[WhiteElo "2084"]
[BlackElo "2289"]
[PlyCount "116"]
[EventDate "2008.01.23"]
[EventType "swiss"]
[EventRounds "9"]
[EventCountry "RUS"]
[SourceTitle "CBM 122 Extra"]
[Source "ChessBase"]
[SourceDate "2008.03.04"]
[SourceVersion "1"]
[SourceVersionDate "2008.03.04"]
[SourceQuality "1"]

1. e4 c5 2. Nf3 d6 3. d4 cxd4 4. Nxd4 Nf6 5. Nc3 a6 6. Bg5 e6 7. f4 Qb6 8. Qd2 Nc6 9. Nxc6 Qxc6 10. Bd3 Qc5 11. e5 Nd5 12. Ne4 Qe3+ 13. Qxe3 Nxe3 14. Kf2 Nd5 15. Nxd6+ Bxd6 16. exd6 f6 17. Bh4 Nxf4 18. Be4 g5 19. Bg3 Nh5 20. Rhe1 Nxg3 21. Kxg3 Kd7 22. Rad1 Rb8 23. c4 b6 24. b4 Bb7 25. Bc2 Rbc8 26. Bb3 Rhe8 27. Rd2 a5 28. bxa5 bxa5 29. c5 e5 30. Bf7 Rf8 31. Bd5 Bxd5 32. Rxd5 Rc6 33. Rb1 Ke6 34. Rbd1 h5 35. d7 Rd8 36. Rd6+ Rxd6 37. Rxd6+ Ke7 38. Ra6 Rxd7 39. Rxa5 Rc7 40. a4 Rc6 41. h4 g4 42. Ra7+ Ke6 43. Rh7 Rxc5 44. Rxh5 f5 45. Rh6+ Kd5 46. Rg6 Rc3+ 47. Kf2 Ke4 48. Rd6 Rc2+ 49. Kf1 Ra2 50. Rd1 g3 51. Re1+ Kf4 52. Rc1 Rxa4 53. Rc3 e4 54. Ke2 Ra2+ 55. Kf1 Ra1+ 56. Ke2 Rg1 57. Rc8 Rxg2+ 58. Kf1 Rh2 0-1